=LDR 00000nam 2200000 4500 =001 INLIS000000000040013 =005 20130612145614 =008 ***********************************ind** =035 ##$$0010-061300000040013 =041 ##$$a ind =082 ##$$a 294.64 =090 ##$$a 294.64, Mas m =100 ##$$a Al-Masri, nasy'at =245 ##$$a Menyembut kedatangan bayi =650 ##$$a Anak dalam Islam =850 ##$$a NBPNMAT